Влияние отклонения от стехиометрии на кинетику спекания ионных твердых тел; Известия Томского политехнического университета [Известия ТПУ]; Т. 314, № 3 : Химия

Библиографические подробности
Источник:Известия Томского политехнического университета [Известия ТПУ]/ Томский политехнический университет (ТПУ).— , 2000-
Т. 314, № 3 : Химия.— 2009.— [С. 5-7]
Главный автор: Шиманский А. Ф.
Примечания:Заглавие с титульного листа
Электронная версия печатной публикации
Показано, что отклонение от стехиометрии состава ионных кристаллов определяет скорость массопереноса на начальной стадии твердофазного спекания и движущую силу процесса в присутствии жидкой фазы. Предложена модель, описывающая взаимосвязь нестехиометрии и спекаемости ионных твердых тел.
Язык:русский
Опубликовано: 2009
Серии:Химия
Предметы:
Online-ссылка:http://www.lib.tpu.ru/fulltext/v/Bulletin_TPU/2009/v314/i3/01.pdf
Формат: Электронный ресурс Статья
Запись в KOHA:https://koha.lib.tpu.ru/cgi-bin/koha/opac-detail.pl?biblionumber=174903

MARC

LEADER 00000nla2a2200000 4500
001 174903
005 20231031164937.0
035 |a (RuTPU)RU\TPU\book\189661 
035 |a RU\TPU\book\188989 
090 |a 174903 
100 |a 20100205d2009 k y0rusy50 ca 
101 0 |a rus 
102 |a RU 
135 |a drnn ---uucaa 
181 0 |a i  
182 0 |a b 
200 1 |a Влияние отклонения от стехиометрии на кинетику спекания ионных твердых тел  |b Электронный ресурс  |f А. Ф. Шиманский 
203 |a Текст  |c электронный 
215 |a 1 файл (284 Кб) 
225 1 |a Химия 
230 |a Электронные текстовые данные (1 файл : 284 Кб) 
300 |a Заглавие с титульного листа 
300 |a Электронная версия печатной публикации 
320 |a [Библиогр.: с. 7 (5 назв.)] 
330 |a Показано, что отклонение от стехиометрии состава ионных кристаллов определяет скорость массопереноса на начальной стадии твердофазного спекания и движущую силу процесса в присутствии жидкой фазы. Предложена модель, описывающая взаимосвязь нестехиометрии и спекаемости ионных твердых тел. 
337 |a Adobe Reader 
461 1 |0 (RuTPU)RU\TPU\book\176237  |t Известия Томского политехнического университета [Известия ТПУ]  |f Томский политехнический университет (ТПУ)  |d 2000- 
463 1 |0 (RuTPU)RU\TPU\book\189586  |x 1684-8519  |t Т. 314, № 3 : Химия  |v [С. 5-7]  |d 2009  |p 146 с. 
610 1 |a нестехиометрия 
610 1 |a кинетика 
610 1 |a твердофазное спекание 
610 1 |a спекание в присутствии жидкой фазы 
610 1 |a электронный ресурс 
700 1 |a Шиманский  |b А. Ф. 
801 1 |a RU  |b 63413507  |c 20090623  |g PSBO 
801 2 |a RU  |b 63413507  |c 20141114  |g PSBO 
856 4 |u http://www.lib.tpu.ru/fulltext/v/Bulletin_TPU/2009/v314/i3/01.pdf 
942 |c CF